1000 Soruda Kur an ve Tefsir Soru Hazinesi (Record no. 693751)

MARC details
000 -LEADER
sabit uzunluktaki kontrol alanı 00273nam a2200097Ia 4500
001 - KONTROL NUMARASI
kontrol alanı 693751
005 - EN SON İŞLEMİN TARİH VE ZAMANI
kontrol alanı 20250826161920.0
008 - SABİT-UZUNLUKTA VERİ ÖĞELERİ--GENEL BİLGİ
sabit uzunluktaki kontrol alanı 250824s9999 xx 000 0 und d
245 #0 - ESER / YAZAR
ESER ADI 1000 Soruda Kur an ve Tefsir Soru Hazinesi
Yazar Adı Prof. Dr. Ali Akpınar
260 ## - YAYIN, DAĞITIM, VB.
YAYIN EVİ KİTAP DÜNYASI
Holdings
Düşüm durumu Kayıp durumu Hasar Durumu Ödünç verilmez Ana kütüphane Geçerli Kütüphane Edinilen tarih Toplam ödünç verme sayısı Barkod Son görüntüleme tarihi Fiyatın geçerli olmaya başladığı tarih Koha materyal türü
        TÜRK TELEKOM MESLEKİ VE TEKNİK ANADOLU LİSESİ TÜRK TELEKOM MESLEKİ VE TEKNİK ANADOLU LİSESİ 24.08.2025   10191610 26.08.2025 26.08.2025 Books